01427cam a2200361 i 450000100090000000300090000900500170001800800410003502000180007604000330009404300120012708200200013910000280015924501360018726400440032330000530036733600260042033700280044633800270047450000300050150400510053160000420058265000410062465000290066565000370069465300220073165500240075370000490077790600450082694200120087199900170088395201650090021126183EG-ScBUE20211208115955.0190808s2020 nyua f b 001 0 eng d a9780500022542 aDLCbengerdacDLCdEG-ScBUE ae-uk---04a749.22bWAL2221 aWalker, Aidan,eauthor.14aFurniture in architecture :bthe work of Luke Hughes : arts & crafts in the digital age /cAidan Walker ; foreword by Tanya Harrod. 1aNew York, NY :bThames & Hudson,c2020. a255 pages :billustrations (some color) ;c29 cm atextbtxt2rdacontent aunmediatedbn2rdamedia avolumebnc2rdacarrier a"Over 400 illustrations." aIncludes bibliographical references and index.17aHughes, LukevThemes, motives.2BUEsh 7aCabinetmakerszGreat Britain.2BUEsh 7aFurniture design.2BUEsh 7aArts and crafts movement.2BUEsh bARTcDecember2021 vReading book9342321 aHarrod, Tanya,eauthor of introduction, etc. a7bcbccorignewd2eepcnf20gy-gencatlg 2ddccBB c29708d29679 00102ddc40708BaccahaMAINbMAINc2NDd2021-12-08ePurchaseg750.00h36257l2o749.22 WALp000056034r2025-11-19 00:00:00s2025-10-16v937.50w2021-12-08yBB